| 000 | 00000nam##2200000za#4500 |
| 001 | 9.632581 |
| 003 | CaOODSP |
| 005 | 20210624214902 |
| 007 | cr ||||||||||| |
| 008 | 150407|2005||||xxc|||||o f|0| 0 fre|d |
| 020 | |a0-662-71251-X |
| 040 | |aCaOODSP|bfre |
| 043 | |an-cn--- |
| 086 | 1 |aR2-162/2001F-PDF |
| 110 | 1 |aCanada.|bAffaires indiennes et du Nord. |
| 245 | 10|aLes femmes autochtones : profil d'après le Recensement de 2001 / |h[ressource électronique]|c[par] Jeremy Hull. |
| 260 | |aOttawa - Ontario : |bAffaires indiennes et du Nord |c2005; 2006. |
| 300 | |a130p.|bfigures en couleur, graphiques, références, tableaux |
| 590 | |a06-10-Supp|b2006-12-15 |
| 691 | 07|aFemme|2gcpds |
| 691 | 07|aAutochtones|2gcpds |
| 691 | 07|aDonnées démographiques|2gcpds |
| 691 | 07|aDonnées du recensement|2gcpds |
| 720 | 1 |aHull, Jeremy |
| 775 | 08|tAboriginal women : a profile from the 2001 Census / |w(CaOODSP)9.688148 |
| 856 | 40|ahttp://publications.gc.ca|qPDF|s450 Ko|uhttps://publications.gc.ca/collections/Collection/R2-162-2001F.pdf |